Mılas Çomakdağ : (Record no. 13017)

MARC details
000 -BAŞLIK
Sabit Uzunlukta Kontrol Alanı 00775nam a2200217 4500
999 ## - SİSTEM KONTROL NUMARALARI (KOHA)
Koha Biblionumber 13017
Koha Biblioitemnumber 13017
003 - KONTROL NUMARASI IDENTIFIER
Denetim Alanı MIRAKIL
005 - SON İŞLEM TARİHİ VE ZAMANI
Denetim Alanı 20190322142057.0
008 - SABİT-BOY VERİ ELEMANLARI - GENEL BİLGİLER
Sabit Uzunlukta Kontrol Alanı 190322b tu ||||| |||| 00| 0 tur d
020 ## - ULUSLARARASI STANDART KİTAP NUMARASI
Uluslararası Standart Kitap Numarası 9789757235996
040 ## - KATALOGLAMA KAYNAK
Orijinal Kataloglama Ajansı TR-AnCHP
Metne Dönüştürmek Ajansı TR-AnCHP
041 ## - DİL KODU
Metin / Ses Parça Veya Ayrı Başlığın Dil Kodu eng
Orijinalin Dil Kodu tur
082 ## - DEWEY ONLU SINIFLANDIRMA NUMARASI
Sınıflandırma Numarası 939.263
Ürün Numarası M94 2010
245 ## - BAŞLIK TABLOSU
Başlık Mılas Çomakdağ :
Başlığın Kalan Güney Ege Bölgesi'nde arkeoloji ve kırsal mimari = Archaelogy and Rural Architecture in southern Aegean Region /
Sorumluluk Tablosu, Vb editörler Murat Ural, Figen Kuzucu.
260 ## - YAYIN, DAĞITIM, VB
Yayın, Dağıtım, Vb Yeri İstanbul :
Yayıncı, Dağıtıcı, Vs Adı Milli Reasürans sanat galerisi ,
Yayın, Dağıtım, Vb Tarihi 2010.
300 ## - FİZİKSEL TANIM
Kapsam 255 s.:
Boyutlar 32 cm
650 #0 - KONU KATMA GİRİŞ - TOPİKAL DÖNEM
Topikal Süreli Veya Coğrafi Ad Giriş Elemanı Türkiye
9 (RLIN) 5
Genel Alt Bölümü Tarih
Kronolojik Alt Bölümü Antik dönem
651 #0 - KONU KATMA GİRİŞ - COĞRAFİ ADI
9 (RLIN) 5544
Coğrafi İsim Milas Çomakdağ , Türkiye
Genel Alt Bölümü tarih
700 ## - KATMA GİRİŞ - KİŞİSEL İSİM
Kişisel Ad Kuzucu, Figen
Relator Terim ed.
700 ## - KATMA GİRİŞ - KİŞİSEL İSİM
Kişisel Ad Ural, Murat
Relator Terim ed.
942 ## - EKLENDİ GİRİŞ ELEMANLARI (KOHA)
Sınıflandırma Veya Raf Düzeni Kaynak Dewey Decimal Classification
Koha Öğesi Türü Books
Holdings
Kalıcı Konum Mevcut Konum Edinme Tarihi Toplam Check-Out'Lar Tam Çağrı Numarası Barkod Tarih Son Görülme İtibaren Geçerli Fiyatlar Koha Öğesi Türü
CHP Kütüphanesi CHP Kütüphanesi 03/22/2019   939.263 M94 2010 019076 03/22/2019 03/22/2019 Books